000 00329nam a2200157Ia 4500
100 _aHusain/Ashfaq
650 _aElectric Machines
942 _cBK
366 _f12
245 _aElectric machines
260 _bDhanpat and Sons
_c2005
082 _a621.31042
_bHUS
300 _a632
546 _aENGLISH
_cTTL
999 _c34960
_d34960